000 00730nam a22002057a 4500
005 20100813115918.0
010 _aENG-100460
020 _c98.00
_a9788172087104
035 _aEN-83993
037 _bDBAD/PUB
082 _a230.35
100 _aSai, Baba
_913374
245 _aAti rudra maha yajna divine discourses /
_cby Sai Baba
260 _aPrasanthi Nilayam
_bSai Sathya Sai Sadhana Trust Publications
_c2009
270 _aPrasanthi Nilayam
_bPrasanthi Nilayam
_e515134
300 _avi, 256p.
_c22cm (pbk)
700 _913048
942 _2ddc
_cEN
_h230.35
_mSAI
999 _c41902
_d41902